000 00415nam a2200169Ia 4500
003 GCL
008 140319s9999 xx 000 0 eng d
040 _aGCL /
_cGCL
082 0 4 _a822.33
_bW S
100 1 _aWALLER, GARY
245 1 0 _aSHAKESPEARE'S COMEDIES /
_cWALLER, GARY
260 _a[S.N] :
_bLONGMAN ،
_c1991
300 _a223 P
650 0 4 _aSHAKESPEARE, WILLIAM
650 0 4 _aCOMEDY
942 _2ddc
_cBK
999 _c23985
_d23985